Anfibios (Registro nro. 247)
[ vista simple ]
| 000 -LEADER | |
|---|---|
| fixed length control field | 01051nam a22001697a 4500 |
| 003 - CONTROL NUMBER IDENTIFIER | |
| control field | OSt |
| 005 - DATE AND TIME OF LATEST TRANSACTION | |
| control field | 20240524113128.0 |
| 008 - FIXED-LENGTH DATA ELEMENTS--GENERAL INFORMATION | |
| fixed length control field | 240524s ag ||||| |||| 00| 0 spa d |
| 020 ## - INTERNATIONAL STANDARD BOOK NUMBER | |
| International Standard Book Number | 9307828354 |
| 040 ## - CATALOGING SOURCE | |
| Transcribing agency | besoc |
| 100 ## - MAIN ENTRY--PERSONAL NAME | |
| Personal name | Kindersley, Dorling. |
| Relator term | autor |
| 245 ## - TITLE STATEMENT | |
| Title | Anfibios |
| Remainder of title | Sapos, Ranas, tritones y salamandras: estos antiguos vertebrados de sangre fría se mueven en la tierra y agua, y sorprenden con su fascinante ciclo |
| Statement of responsibility, etc. | Dorling Kindersley |
| 260 ## - PUBLICATION, DISTRIBUTION, ETC. | |
| Place of publication, distribution, etc. | Buenos Aires: |
| Name of publisher, distributor, etc. | Grafico Editorial Argentino |
| Date of publication, distribution, etc. | 2006 |
| 300 ## - PHYSICAL DESCRIPTION | |
| Extent | 63 p. |
| 520 ## - SUMMARY, ETC. | |
| Summary, etc. | Este tomo de LA NUEVA ENCICLOPEDIA VISUAL CLARIN muestra con fotos, dibujos e infografías el extraordinario mundo de los anfibios.<br/>Se Puede Conocer como es el esqueleto de una salamandra gigante, y de que manera un sapo hembra lleva sus huevos en el lomo.<br/>Se puede ver el asombroso camuflaje que utilizan los sapos de vientre de fuego. Y la metamorfosis completa de un anfibio.<br/>Se puede descubrir como puede respirar una salamandra sin pulmones, y porque muda de piel una rana. |
| 942 ## - ADDED ENTRY ELEMENTS (KOHA) | |
| Source of classification or shelving scheme | Universal Decimal Classification |
| Koha item type | Libro de préstamo a domicilio |
| Suppress in OPAC | No |
No hay ítems disponibles.